[Event "Gibraltar Masters 2020"]
[Site "Caleta ENG"]
[Date "2020.01.26"]
[Round "6.40"]
[White "Wemmers, Xander"]
[Black "Petrov, Martin"]
[Result "1-0"]
[WhiteTitle "IM"]
[BlackTitle "IM"]
[WhiteElo "2380"]
[BlackElo "2504"]
[WhiteFideId "1004182"]
[BlackFideId "2911086"]
[EventDate "2020.01.21"]

1. d4 Nf6 2. c4 e6 3. Nc3 Bb4 4. f3 c5 5. d5 b5 6. e4 bxc4 7. Bxc4 O-O 8. Ne2
Nxd5 9. Bxd5 exd5 10. Qxd5 Ba6 11. O-O Bxc3 12. Nxc3 Bxf1 13. Qxa8 Qb6 14. Nd5
Qb5 15. Ne7+ Kh8 16. Qd5 Nc6 17. Nf5 Bc4 18. Qd6 Rg8 19. b3 Be6 20. Ng3 c4 21.
bxc4 Qxc4 22. Bf4 a5 23. h4 a4 24. a3 h6 25. Rd1 Rb8 26. Qd2 Rb5 27. Kh2 Qc5 28.
Bd6 Qb6 29. Rc1 Rb2 30. Rc2 Rb1 31. Rc1 Rb2 32. Rc2 Rb1 33. Rc1 Qb2 34. Qxb2
Rxb2 35. Nh5 Rd2 36. Bf8 g6 37. Bxh6 Ra2 38. Nf6 Rxa3 39. h5 gxh5 40. Rc5 Ne7
41. Bf8 1-0

[Event "Gibraltar Masters 2020"]
[Site "Caleta ENG"]
[Date "2020.01.26"]
[Round "6.58"]
[White "Ranaldi, Lucas"]
[Black "Javakhishvili, Lela"]
[Result "0-1"]
[WhiteTitle "FM"]
[BlackTitle "IM"]
[WhiteElo "2296"]
[BlackElo "2463"]
[WhiteFideId "1519484"]
[BlackFideId "13601458"]
[EventDate "2020.01.21"]

1. Nf3 g6 2. c4 Bg7 3. d4 c5 4. d5 d6 5. e4 e6 6. Nc3 Ne7 7. Be2 O-O 8. O-O exd5
9. cxd5 a6 10. a4 Bg4 11. Nd2 Bxe2 12. Qxe2 Nd7 13. a5 f5 14. Nc4 f4 15. Qg4 Ne5
16. Qe6+ Kh8 17. Nxd6 Qc7 18. Ra4 g5 19. Nc4 N7g6 20. Nb6 Rad8 21. Qh3 Rd6 22.
Qh5 Nh4 23. Qd1 g4 24. Kh1 Rh6 25. f3 gxf3 26. gxf3 Qf7 27. Nc4 Qh5 28. Nxe5
Bxe5 29. Rf2 Rg8 30. Bd2 Rhg6 31. Ne2 Nxf3 32. Ra1 Nxh2 33. Nxf4 Nf1+ 0-1

[Event "Gibraltar Masters 2020"]
[Site "Caleta ENG"]
[Date "2020.01.26"]
[Round "6.59"]
[White "Gunina, Valentina"]
[Black "Pranav, Anand"]
[Result "1/2-1/2"]
[WhiteTitle "GM"]
[BlackTitle "FM"]
[WhiteElo "2461"]
[BlackElo "2309"]
[WhiteFideId "4167570"]
[BlackFideId "46626786"]
[EventDate "2020.01.21"]

1. e4 e5 2. Nf3 Nc6 3. d4 exd4 4. Nxd4 Nf6 5. Nxc6 bxc6 6. e5 Qe7 7. Qe2 Nd5 8.
c4 Nb6 9. Nc3 Bb7 10. b3 a5 11. a4 Qe6 12. Bb2 Bb4 13. O-O-O Qe7 14. Kc2 Ba3 15.
Ba1 O-O-O 16. Ne4 c5 17. Nc3 Qe6 18. f3 Bc6 19. Qf2 f6 20. exf6 gxf6 21. Bd3 d5
22. Rhe1 Qf7 23. Qh4 dxc4 24. bxc4 Bb4 25. Bf5+ Kb8 26. Re6 Rxd1 27. Kxd1 Rd8+
28. Ke2 Re8 29. Rxe8+ Qxe8+ 30. Ne4 Nxc4 31. Qxh7 Bxa4 32. Bxf6 Nd6 33. Bg6 Qe6
34. Kf2 Bc6 35. Qh8+ Ka7 36. Qg7 Bxe4 37. fxe4 Nxe4+ 38. Bxe4 Qxe4 39. Qxc7+ Ka6
40. Qd6+ Kb5 41. Qd7+ Kc4 42. h4 Qf4+ 43. Ke2 Qe4+ 44. Kf2 Qf4+ 45. Ke2 Qe4+ 46.
Kf2 Qf4+ 47. Ke2 1/2-1/2

[Event "Gibraltar Masters 2020"]
[Site "Caleta ENG"]
[Date "2020.01.26"]
[Round "6.60"]
[White "Real De Azua, Ernesto"]
[Black "Povah, Nigel E"]
[Result "1-0"]
[WhiteTitle "IM"]
[BlackTitle "IM"]
[WhiteElo "2456"]
[BlackElo "2284"]
[WhiteFideId "108154"]
[BlackFideId "400467"]
[EventDate "2020.01.21"]

1. d4 d5 2. c4 e6 3. Nc3 Bb4 4. a3 Bxc3+ 5. bxc3 Nf6 6. cxd5 exd5 7. e3 O-O 8.
Bd3 b6 9. Ne2 Re8 10. O-O c5 11. f3 Ba6 12. Ng3 Bxd3 13. Qxd3 Nc6 14. Bb2 c4 15.
Qe2 h5 16. Qf2 Re6 17. Rae1 Ne7 18. e4 h4 19. Nh1 Ng6 20. Bc1 Qd7 21. e5 Nh7 22.
Qc2 Rf8 23. a4 f5 24. Nf2 Qf7 25. Nh3 f4 26. Ba3 Qf5 27. Qxf5 Rxf5 28. Rb1 Rc6
29. Rb5 Ng5 30. Rxd5 Nxh3+ 31. gxh3 Nh8 32. Kf2 Nf7 33. Rg1 Ng5 34. Rd8+ Kh7 35.
Rg4 Nxh3+ 36. Kg2 Ng5 37. Rxh4+ Kg6 38. d5 Rc7 39. e6 1-0

[Event "Gibraltar Masters 2020"]
[Site "Caleta ENG"]
[Date "2020.01.26"]
[Round "6.61"]
[White "Garrido Outon, Alex"]
[Black "Mammadzada, Gunay"]
[Result "1/2-1/2"]
[BlackTitle "IM"]
[WhiteElo "2287"]
[BlackElo "2455"]
[WhiteFideId "24516279"]
[BlackFideId "13403729"]
[EventDate "2020.01.21"]

1. e4 c5 2. Nf3 d6 3. Nc3 Nf6 4. e5 dxe5 5. Nxe5 a6 6. g3 Qc7 7. d4 e6 8. Nc4
cxd4 9. Qxd4 Bc5 10. Qf4 Qc6 11. Rg1 O-O 12. Bg2 Nd5 13. Nxd5 exd5 14. Be3 Bb4+
15. c3 Bxc3+ 16. bxc3 Qxc4 17. Qxc4 dxc4 18. Rb1 Nc6 19. f4 Nd8 20. Kf2 Bf5 21.
Rb4 Rc8 22. Bxb7 Nxb7 23. Rxb7 Rb8 24. Rxb8 Rxb8 25. Rd1 h5 26. Rd2 Rb5 27. Ba7
Bb1 28. Ke3 Ra5 29. Rd1 Bc2 30. Rd2 Bb1 31. Rd1 Bc2 32. Rd2 Rxa2 33. h3 a5 34.
g4 h4 35. f5 a4 36. Kf4 Rb2 37. Bc5 Rb5 38. Rxc2 Rxc5 39. Ra2 Rd5 40. Rxa4 Rd3
41. Rxc4 Rxh3 42. g5 Rg3 43. Rc6 Kf8 1/2-1/2

[Event "Gibraltar Masters 2020"]
[Site "Caleta ENG"]
[Date "2020.01.26"]
[Round "6.62"]
[White "Paveto, Kevin"]
[Black "Gomez Anadon, Daniel"]
[Result "1-0"]
[WhiteTitle "IM"]
[BlackTitle "FM"]
[WhiteElo "2452"]
[BlackElo "2276"]
[WhiteFideId "173444"]
[BlackFideId "2218151"]
[EventDate "2020.01.21"]

1. e4 c5 2. Nf3 d6 3. d4 cxd4 4. Nxd4 Nf6 5. Nc3 a6 6. Be3 e5 7. Nb3 Be6 8. f4
Ng4 9. Bd2 exf4 10. Bxf4 Nc6 11. Qd2 Be7 12. O-O-O O-O 13. Nd5 Bxd5 14. exd5 Nb8
15. Qe2 Nf6 16. g4 a5 17. g5 Nfd7 18. h4 Na6 19. Rh3 Re8 20. Re3 Nc7 21. Bg2 Bf8
22. Nd4 Rxe3 23. Qxe3 g6 24. Qg3 Nb6 25. Qb3 Ra6 26. h5 Be7 27. hxg6 hxg6 28.
Qg3 Nbxd5 29. Bd2 Bf8 30. Rf1 Nb4 31. a3 Nc6 32. Nxc6 bxc6 33. Bc3 Bg7 34. Qf4
Qe7 35. Bf6 Bxf6 36. gxf6 Qe5 37. Qh6 Ne8 38. Qh4 Rb6 39. b3 Qa1+ 40. Kd2 Qxa3
41. Re1 Rb8 42. Bxc6 1-0

[Event "Gibraltar Masters 2020"]
[Site "Caleta ENG"]
[Date "2020.01.26"]
[Round "6.63"]
[White "Kandic, Milan"]
[Black "Horvath, Dominik"]
[Result "0-1"]
[WhiteTitle "FM"]
[BlackTitle "IM"]
[WhiteElo "2132"]
[BlackElo "2449"]
[WhiteFideId "926752"]
[BlackFideId "1642561"]
[EventDate "2020.01.21"]

1. e4 e5 2. Nf3 Nc6 3. Bc4 Bc5 4. d3 d6 5. c3 Nf6 6. O-O a6 7. b4 Ba7 8. Be3 O-O
9. h3 Ne7 10. Bxa7 Rxa7 11. d4 exd4 12. Qxd4 Nc6 13. Qd3 Nh5 14. Qe3 Qf6 15. Re1
Qf4 16. Qxf4 Nxf4 17. Nbd2 Be6 18. Ng5 Bxc4 19. Nxc4 b5 20. Nd2 a5 21. g3 Ne6
22. Nxe6 fxe6 23. bxa5 Rxa5 24. Reb1 Rfa8 25. c4 b4 26. Rb2 Kf7 27. Kg2 Nd4 28.
Nb3 Nxb3 29. Rxb3 c5 30. Rb2 Ra3 31. Rd1 Rxa2 32. Rxa2 Rxa2 33. Rxd6 Rc2 34. e5
Rxc4 35. Rd7+ Kg6 0-1

[Event "Gibraltar Masters 2020"]
[Site "Caleta ENG"]
[Date "2020.01.26"]
[Round "6.64"]
[White "Panjwani, Raja"]
[Black "Sowray, Peter J"]
[Result "1-0"]
[WhiteTitle "IM"]
[BlackTitle "FM"]
[WhiteElo "2444"]
[BlackElo "2272"]
[WhiteFideId "2604493"]
[BlackFideId "400971"]
[EventDate "2020.01.21"]

1. d4 d5 2. Nf3 Nf6 3. c4 dxc4 4. e3 Bg4 5. Bxc4 e6 6. O-O Nc6 7. Nbd2 Bd6 8. h3
Bh5 9. Bb5 O-O 10. Bxc6 bxc6 11. Qc2 Qd7 12. Ne5 Bxe5 13. dxe5 Nd5 14. Nb3 Nb4
15. Qc3 Rab8 16. Nc5 Qc8 17. e4 Na6 18. Be3 Bg6 19. f3 f5 20. exf6 Rxf6 21. Rfd1
Nxc5 22. Bxc5 Qa6 23. Rd2 Re8 24. Qe5 Rf7 25. Qxe6 Qc8 26. Qxc8 Rxc8 27. Rad1 1-0

[Event "Gibraltar Masters 2020"]
[Site "Caleta ENG"]
[Date "2020.01.26"]
[Round "6.65"]
[White "Womacka, Mathias"]
[Black "Rakshitta, Ravi"]
[Result "1-0"]
[WhiteTitle "GM"]
[BlackTitle "WIM"]
[WhiteElo "2439"]
[BlackElo "2267"]
[WhiteFideId "4611390"]
[BlackFideId "25073230"]
[EventDate "2020.01.21"]

1. e4 e5 2. Nf3 Nc6 3. Bc4 Bc5 4. O-O Nf6 5. d3 a6 6. c3 d6 7. Bb3 Ba7 8. Nbd2
h6 9. Re1 g5 10. Nc4 g4 11. Nfd2 g3 12. hxg3 h5 13. Nf3 Bg4 14. Bg5 Rg8 15. Bh4
Rg6 16. d4 b5 17. dxe5 Bxf3 18. Qxf3 Nxe5 19. Nxe5 dxe5 20. Rad1 Qe7 21. Qf5 c6
22. Rd3 c5 23. Rf3 c4 24. Bc2 Qd7 25. Qxe5+ Kf8 26. Rd1 Bb8 27. Qc5+ Qe7 28.
Rd8+ 1-0

[Event "Gibraltar Masters 2020"]
[Site "Caleta ENG"]
[Date "2020.01.26"]
[Round "6.66"]
[White "Advait, Bagri"]
[Black "Rakotomaharo, Fy Antenaina"]
[Result "0-1"]
[WhiteTitle "CM"]
[BlackTitle "IM"]
[WhiteElo "2105"]
[BlackElo "2433"]
[WhiteFideId "5820391"]
[BlackFideId "13100050"]
[EventDate "2020.01.21"]

1. e4 c5 2. Nf3 d6 3. d4 cxd4 4. Nxd4 Nf6 5. Nc3 a6 6. Nb3 g6 7. Be2 Bg7 8. g4
h6 9. Be3 Nbd7 10. f4 b5 11. Bf3 Bb7 12. a3 Rc8 13. Qd2 O-O 14. O-O-O a5 15. Nd5
Nxd5 16. exd5 b4 17. axb4 axb4 18. h4 Nb6 19. Bd4 e5 20. Bxb6 Qxb6 21. f5 e4 22.
Bxe4 Qa6 23. Qf4 g5 24. Qf1 Qa7 25. Rh3 Be5 26. hxg5 Qa2 27. f6 Qxb2+ 28. Kd2
Bxd5 29. Bh7+ Kxh7 30. Qf5+ Kg8 31. Rxh6 Rxc2+ 32. Qxc2 Bf4+ 0-1

[Event "Gibraltar Masters 2020"]
[Site "Caleta ENG"]
[Date "2020.01.26"]
[Round "6.67"]
[White "Kulkarni, Bhakti"]
[Black "Priyanka, Nutakki"]
[Result "1-0"]
[WhiteTitle "IM"]
[BlackTitle "WIM"]
[WhiteElo "2404"]
[BlackElo "2242"]
[WhiteFideId "5019516"]
[BlackFideId "25049615"]
[EventDate "2020.01.21"]

1. d4 d5 2. c4 e6 3. Nc3 Be7 4. cxd5 exd5 5. Nf3 Nf6 6. Bg5 c6 7. Qc2 Nbd7 8. e3
O-O 9. Bd3 Re8 10. O-O-O h6 11. Bf4 b5 12. Nxb5 Nc5 13. dxc5 cxb5 14. Bxb5 Bd7
15. c6 Rc8 16. c7 Bxb5 17. cxd8=Q Rxc2+ 18. Kxc2 Rxd8 19. Nd4 Bd7 20. Kd3 Ne4
21. Ke2 Bc8 22. Nc6 Ba6+ 23. Kf3 Re8 24. Rxd5 Nf6 25. Nxe7+ Rxe7 26. Rd8+ Kh7
27. Rc1 g5 28. Bb8 g4+ 29. Kf4 Be2 30. Be5 Nh5+ 31. Kf5 f6 32. Bxf6 1-0

[Event "Gibraltar Masters 2020"]
[Site "Caleta ENG"]
[Date "2020.01.26"]
[Round "6.68"]
[White "Pratyusha, Bodda"]
[Black "Houska, Jovanka"]
[Result "1-0"]
[WhiteTitle "WIM"]
[BlackTitle "IM"]
[WhiteElo "2267"]
[BlackElo "2401"]
[WhiteFideId "5000629"]
[BlackFideId "405094"]
[EventDate "2020.01.21"]

1. e4 c6 2. d4 d5 3. Nc3 dxe4 4. Nxe4 Nf6 5. Nxf6+ exf6 6. c3 Bf5 7. Ne2 Bd6 8.
Ng3 Bg6 9. Qf3 O-O 10. Be2 Re8 11. O-O Nd7 12. Bf4 Nb6 13. h4 h6 14. h5 Bh7 15.
c4 Bxf4 16. Qxf4 Nd7 17. Rad1 Qa5 18. Bg4 Rad8 19. Bf5 Nf8 20. a3 Qa4 21. Bxh7+
Kxh7 22. Ne4 Ne6 23. Qf5+ Kg8 24. d5 cxd5 25. cxd5 Nd4 26. Nxf6+ gxf6 27. Qg4+
Kh7 28. Rxd4 Qd7 29. Qf3 Re5 30. Rfd1 Qd6 31. g3 Kg7 32. Rg4+ Kh7 33. Rb4 Rd7
34. Qd3+ Kg7 35. Rg4+ Kh8 36. Qc3 Rd8 37. Rf4 Kg7 38. Rd3 Qe7 39. Rg4+ Kh7 40.
Qc2 f5 41. Rgd4 Rd6 42. Qd2 Qd7 43. b4 a6 44. Kg2 Kg8 45. Qd1 Kh7 46. a4 Qe8 47.
a5 Qd7 48. Qf3 Kg7 49. Rd2 Kh7 50. Qd3 Kg8 51. f4 Re7 52. Kf3 f6 53. Rc2 Re1 54.
Kf2 Qe8 55. Re2 Rxe2+ 56. Qxe2 Qf7 57. g4 fxg4 58. Qxg4+ Kh8 59. Qc8+ Kg7 60.
Rc4 Rd7 61. d6 Rd8 62. Qxd8 1-0

[Event "Gibraltar Masters 2020"]
[Site "Caleta ENG"]
[Date "2020.01.26"]
[Round "6.69"]
[White "Sankalp, Gupta"]
[Black "Weisbuch, Udi"]
[Result "1-0"]
[WhiteTitle "IM"]
[BlackTitle "FM"]
[WhiteElo "2400"]
[BlackElo "2222"]
[WhiteFideId "5097010"]
[BlackFideId "2801302"]
[EventDate "2020.01.21"]

1. e4 e6 2. d4 d5 3. Nc3 Nf6 4. e5 Nfd7 5. f4 c5 6. Nf3 Nc6 7. Be3 b6 8. Qd2 Be7
9. g4 O-O 10. g5 Bb7 11. h4 a6 12. h5 cxd4 13. Nxd4 Nxd4 14. Bxd4 Bc5 15. Ne2
Qe7 16. O-O-O a5 17. Qe3 Rfe8 18. Ng3 Ba6 19. Bg2 Rac8 20. g6 Bb7 21. gxh7+ Kh8
22. Bf1 a4 23. Rg1 a3 24. b3 Bxd4 25. Rxd4 Rc7 26. Rd2 Qc5 27. Qxc5 Nxc5 28. Bb5
Bc6 29. Bxc6 Rxc6 30. Ne2 Ne4 31. Nd4 Nxd2 32. Nxc6 Ne4 33. Nd4 Nc3 34. Kd2 Rc8
35. f5 Ne4+ 36. Kc1 Nc3 37. fxe6 fxe6 38. Kd2 Nxa2 39. Nxe6 Nc3 40. Ng5 a2 41.
Ra1 d4 42. e6 Re8 43. Kd3 Nd5 44. Kxd4 Nb4 45. Kc4 Nxc2 46. Rxa2 Rc8+ 47. Kb5
Rc5+ 48. Kxb6 Rxg5 49. e7 1-0

[Event "Gibraltar Masters 2020"]
[Site "Caleta ENG"]
[Date "2020.01.26"]
[Round "6.70"]
[White "Soumya, Swaminathan"]
[Black "Janzelj, Lara"]
[Result "1/2-1/2"]
[WhiteTitle "WGM"]
[BlackTitle "WIM"]
[WhiteElo "2384"]
[BlackElo "2195"]
[WhiteFideId "5016193"]
[BlackFideId "14608391"]
[EventDate "2020.01.21"]

1. e4 e5 2. Nf3 Nc6 3. Bc4 Bc5 4. d3 Nf6 5. Nbd2 O-O 6. O-O a6 7. Bb3 d6 8. c3
Bg4 9. h3 Be6 10. Re1 Re8 11. Bc2 d5 12. Ng5 dxe4 13. Nxe6 Rxe6 14. dxe4 Ne7 15.
Qe2 Ng6 16. g3 h5 17. Nf1 h4 18. Be3 Bxe3 19. Nxe3 hxg3 20. fxg3 Ne8 21. Bb3 Rd6
22. Rf1 Nf6 23. Rf2 Qd7 24. Nf5 Rb6 25. Raf1 Qc6 26. Qe3 Rxb3 27. axb3 Nxe4 28.
Re2 Nd6 29. Qg5 Nxf5 30. Qxf5 Rf8 31. b4 Qc4 32. Rd2 c5 33. bxc5 Qxc5+ 34. Kh2
Ne7 35. Qd7 e4 36. Rd4 Qe5 37. Qd6 Qb5 38. Qf4 Qxb2+ 39. Rf2 Qxc3 40. Qxe4 Qc5
41. Rc2 Qg5 42. Qxb7 Nf5 43. Rg4 Qh6 44. Rf2 Nd6 45. Qxa6 Re8 46. Qd3 Qe3 47.
Qxe3 Rxe3 48. Rd4 Ne4 49. Rd8+ Kh7 50. Re8 f6 51. g4 Kg6 52. Re7 Rxh3+ 53. Kxh3
Nxf2+ 54. Kh4 Nd3 55. g5 Ne5 56. Kg3 Kxg5 57. Rxg7+ Kf5 58. Rb7 Kg5 59. Rb5 Kf5
60. Ra5 Kg5 61. Kf2 Kf4 62. Ra4+ Kf5 63. Ke3 Ng4+ 64. Kf3 Ne5+ 65. Ke3 Ng4+ 66.
Kd4 Kg5 67. Ke4 Ne5 68. Ra1 Ng4 69. Rf1 Ne5 70. Kd5 Ng6 71. Ke6 Nf4+ 72. Kf7 Nh5
73. Rg1+ Kf5 74. Rg6 Ke4 75. Rh6 f5 76. Kg6 Ng3 77. Kg5 Ne2 78. Ra6 Nd4 79. Ra4
Ke3 80. Ra3+ Ke4 81. Ra4 Ke3 82. Rxd4 Kxd4 83. Kxf5 1/2-1/2

[Event "Gibraltar Masters 2020"]
[Site "Caleta ENG"]
[Date "2020.01.26"]
[Round "6.71"]
[White "Rangel, Daniel"]
[Black "Gines Esteo, Pedro Antonio"]
[Result "1-0"]
[WhiteTitle "FM"]
[BlackTitle "IM"]
[WhiteElo "2269"]
[BlackElo "2482"]
[WhiteFideId "2124475"]
[BlackFideId "32080190"]
[EventDate "2020.01.21"]

1. d4 d5 2. Nf3 Nf6 3. c4 c6 4. e3 Bg4 5. Be2 e6 6. O-O Nbd7 7. b3 Bd6 8. Bb2
O-O 9. h3 Bh5 10. Nbd2 Qe7 11. Ne5 Bxe2 12. Qxe2 Rfd8 13. Rad1 a5 14. e4 dxe4
15. Nxe4 Nxe4 16. Qxe4 Nf6 17. Qc2 Qc7 18. Nf3 Be7 19. Rfe1 a4 20. g3 Qa5 21.
Bc3 Qa7 22. Ne5 h5 23. Qe2 Re8 24. g4 hxg4 25. hxg4 Nh7 26. Kg2 axb3 27. axb3
Qa2 28. Qd3 Bg5 29. Ra1 Qxb3 30. Reb1 Qa3 31. Rxa3 Rxa3 32. Rxb7 Bh4 33. Nxf7
Rf8 34. Qg6 Bf6 35. Bb4 Rb3 36. Nh6+ Kh8 37. Bxf8 Rxb7 38. Qe8 Nxf8 39. Qxf8+
Kh7 40. Nf7 Bxd4 41. Ng5+ Kg6 42. Nxe6 Rf7 43. Qxf7+ 1-0

[Event "Gibraltar Masters 2020"]
[Site "Caleta ENG"]
[Date "2020.01.26"]
[Round "6.72"]
[White "Di Berardino, Diego Rafael"]
[Black "Gvanceladze, Anna"]
[Result "1-0"]
[WhiteTitle "IM"]
[BlackTitle "WFM"]
[WhiteElo "2478"]
[BlackElo "2270"]
[WhiteFideId "2105446"]
[BlackFideId "4113721"]
[EventDate "2020.01.21"]

1. e4 c6 2. d4 d5 3. e5 Bf5 4. h4 h6 5. g4 Bd7 6. Be3 e6 7. f4 Qb6 8. Nd2 c5 9.
Ngf3 cxd4 10. Nxd4 Nc6 11. N2b3 Nxd4 12. Bxd4 Qc7 13. h5 Ne7 14. Qd2 Nc6 15. Be3
f6 16. exf6 gxf6 17. O-O-O O-O-O 18. Qf2 Bd6 19. Kb1 e5 20. fxe5 fxe5 21. Rxd5
Bxg4 22. Bh3 Bxh3 23. Rxh3 Rdf8 24. Rf3 Nb4 25. Rd2 e4 26. Rf6 Rxf6 27. Qxf6 Be5
28. Qe6+ Kb8 29. Nc5 Nc6 30. Rd7 Qc8 31. Rxb7+ Ka8 32. Rd7 Rf8 33. a3 Rf6 34.
Qd5 Qb8 35. Rb7 Qe8 36. Rb3 Rd6 37. Qxe4 Qxh5 38. Qh7 Qd1+ 39. Ka2 Na5 40. Nd3
Bf6 41. Qxa7# 1-0

[Event "Gibraltar Masters 2020"]
[Site "Caleta ENG"]
[Date "2020.01.26"]
[Round "6.73"]
[White "Buckels, Valentin"]
[Black "Vedder, Richard"]
[Result "1-0"]
[WhiteTitle "IM"]
[BlackTitle "FM"]
[WhiteElo "2459"]
[BlackElo "2263"]
[WhiteFideId "12942766"]
[BlackFideId "1004166"]
[EventDate "2020.01.21"]

1. d4 d5 2. Bf4 c5 3. e3 cxd4 4. exd4 Nc6 5. Nf3 Bg4 6. c3 Qb6 7. Qb3 Bxf3 8.
gxf3 Nf6 9. Na3 O-O-O 10. Qxb6 axb6 11. Nb5 Rd7 12. Bh3 e6 13. O-O-O Nh5 14. Bd2
g6 15. Kc2 Bg7 16. Rde1 Re8 17. Bg4 Nf6 18. Bf4 Bf8 19. b4 h5 20. Bh3 Nh7 21. a4
Be7 22. Re2 g5 23. Bd2 Kb8 24. f4 g4 25. Bg2 Rc8 26. Kb3 Nf6 27. Rhe1 Ne8 28. f5
exf5 29. Bf4+ Ka8 30. Ra1 Ng7 31. Rea2 Nb8 32. Bxb8 Kxb8 33. a5 bxa5 34. Rxa5 b6
35. Ra8+ Kb7 36. R1a7+ 1-0

[Event "Gibraltar Masters 2020"]
[Site "Caleta ENG"]
[Date "2020.01.26"]
[Round "6.74"]
[White "Benmesbah, Natacha"]
[Black "Kovacevic, Blazimir"]
[Result "1/2-1/2"]
[WhiteTitle "WIM"]
[BlackTitle "GM"]
[WhiteElo "2258"]
[BlackElo "2451"]
[WhiteFideId "642002"]
[BlackFideId "14502712"]
[EventDate "2020.01.21"]

1. e4 e6 2. d3 b6 3. Nf3 Bb7 4. g3 c5 5. Bg2 d6 6. O-O Nd7 7. Na3 Be7 8. c3 Ngf6
9. Qe2 O-O 10. h4 a6 11. Bf4 b5 12. Nc2 Nb6 13. Nh2 Nfd7 14. Rad1 Qc7 15. Rfe1
Rac8 16. h5 Ne5 17. d4 cxd4 18. cxd4 Qxc2 19. dxe5 Qxe2 20. Rxe2 dxe5 21. Bxe5
f6 22. Bf4 Rfd8 23. Red2 Na4 24. Rxd8+ Rxd8 25. Rc1 Rc8 26. Rd1 Rd8 27. Rc1 Rc8
28. Rd1 Kf7 29. e5 Bxg2 30. Kxg2 Rd8 31. Rc1 Nxb2 32. exf6 gxf6 33. Rc7 Nc4 34.
Ng4 e5 35. Be3 Ke6 36. Ra7 a5 37. Ra6+ Rd6 38. Ra8 f5 39. Bc5 fxg4 40. Bxd6 Bxd6
41. Rh8 b4 42. Rxh7 e4 43. Rg7 Kf5 44. h6 Be5 45. Rg8 a4 46. Rc8 Nd6 47. Rb8 Bc3
48. h7 Nf7 49. Rb7 Kg6 50. Kf1 a3 51. Ke2 Ng5 52. Rxb4 Kxh7 53. Ra4 Bb2 54. Ra6
Kg7 55. Ke3 Bc1+ 56. Kd4 Bb2+ 57. Ke3 Bc1+ 58. Kd4 Nh3 59. Kxe4 Nxf2+ 60. Kf5
Nd3 61. Rc6 Bb2 62. Rc4 Nc1 63. Rc7+ Kf8 64. Rxc1 Bxc1 65. Kxg4 Ke7 66. Kf5 Kd6
67. Ke4 Kc5 68. Kd3 Kb4 69. Kc2 Bg5 70. Kd3 Bf6 71. g4 Bg5 72. Kd4 Bf6+ 73. Kd3
Kc5 74. g5 Bh8 75. g6 Bg7 76. Kc2 Kc4 77. Kd2 Bf8 78. Kc2 Bh6 79. g7 Bxg7 80.
Kc1 Kc3 81. Kb1 Bd4 82. Kc1 1/2-1/2

[Event "Gibraltar Masters 2020"]
[Site "Caleta ENG"]
[Date "2020.01.26"]
[Round "6.75"]
[White "Vidic, Teja"]
[Black "Low, Zhen Yu Cyrus"]
[Result "0-1"]
[WhiteTitle "WFM"]
[BlackTitle "IM"]
[WhiteElo "2252"]
[BlackElo "2415"]
[WhiteFideId "14605511"]
[BlackFideId "5804175"]
[EventDate "2020.01.21"]

1. e4 c5 2. Nf3 Nc6 3. d4 cxd4 4. Nxd4 Nf6 5. Nc3 d6 6. Bg5 e6 7. Qd2 a6 8.
O-O-O Bd7 9. f4 b5 10. Bxf6 gxf6 11. Kb1 Rc8 12. Nxc6 Bxc6 13. Bd3 Qb6 14. f5
Qc5 15. Rhf1 Bd7 16. e5 Qxe5 17. Rde1 Qxh2 18. fxe6 fxe6 19. Nd5 Be7 20. Nxf6+
Bxf6 21. Rxf6 Rg8 22. Qf2 Kd8 23. Rf7 Qxg2 24. Qf6+ Kc7 25. Qxe6 Rcd8 26. Be4
Qd2 27. Bf5 Kb6 28. Rxd7 Rxd7 29. a4 Rdd8 30. Bxh7 Rge8 31. Qxe8 Rxe8 32. Rxe8
Qd1+ 33. Ka2 Qd5+ 0-1

[Event "Gibraltar Masters 2020"]
[Site "Caleta ENG"]
[Date "2020.01.26"]
[Round "6.76"]
[White "Piasetski, Leon"]
[Black "Gschnitzer, Adrian"]
[Result "0-1"]
[WhiteTitle "IM"]
[BlackTitle "FM"]
[WhiteElo "2219"]
[BlackElo "2388"]
[WhiteFideId "2600072"]
[BlackFideId "1270337"]
[EventDate "2020.01.21"]

1. c4 c5 2. Nf3 Nf6 3. Nc3 Nc6 4. d4 cxd4 5. Nxd4 e6 6. a3 Be7 7. e4 O-O 8. Nf3
Qa5 9. Bd2 Qh5 10. Be2 d5 11. exd5 exd5 12. cxd5 Nxd5 13. Nd4 Qe5 14. Nxc6 bxc6
15. Nxd5 Qxd5 16. O-O Bf6 17. Bf3 Qb5 18. Bb4 Rd8 19. Qc1 Ba6 20. Bxc6 Qxf1+ 21.
Qxf1 Bxf1 22. Bxa8 Bb5 23. Bf3 Bxb2 24. Rb1 Bf6 25. Ba5 Rc8 26. g3 a6 27. h4 g6
28. Kg2 Rc2 29. Rd1 Be7 30. Bb4 Bxb4 31. axb4 Rc4 32. Rb1 Kg7 33. Be2 Rd4 34.
Bxb5 axb5 35. Kf3 Kf6 36. Ke3 Ke5 37. f4+ Kd5 38. h5 Re4+ 39. Kd3 g5 40. fxg5
Rg4 41. Rg1 Rxg5 42. g4 Ke5 43. Ke3 f5 44. Kf3 fxg4+ 45. Rxg4 Rxh5 46. Ke3 Rf5
47. Re4+ Kf6 48. Kd4 h5 49. Rh4 Kg5 50. Rh1 h4 51. Rg1+ Kf6 0-1

[Event "Gibraltar Masters 2020"]
[Site "Caleta ENG"]
[Date "2020.01.26"]
[Round "6.77"]
[White "Mieles Palau, Daniel"]
[Black "Fernandez, Maria Florencia"]
[Result "1/2-1/2"]
[WhiteTitle "IM"]
[BlackTitle "WIM"]
[WhiteElo "2374"]
[BlackElo "2227"]
[WhiteFideId "3600467"]
[BlackFideId "116459"]
[EventDate "2020.01.21"]

1. c4 e5 2. g3 Nf6 3. Bg2 Nc6 4. Nc3 Bb4 5. e4 Bxc3 6. dxc3 d6 7. Qc2 Be6 8. b3
Qd7 9. h3 Ng8 10. Nf3 h6 11. Be3 Nge7 12. O-O-O f5 13. exf5 Nxf5 14. g4 Nxe3 15.
fxe3 O-O-O 16. Nh4 Ne7 17. Rhf1 h5 18. Nf5 hxg4 19. hxg4 g6 20. Nxe7+ Qxe7 21.
Qxg6 Rhg8 22. Qe4 c6 23. Bh3 Qg5 24. Rg1 Kb8 25. Kb2 d5 26. Qf3 dxc4 27. Rxd8+
Rxd8 28. Rd1 Rxd1 29. Qxd1 Kc7 30. Qf3 cxb3 31. axb3 Qd8 32. Kc2 Qd6 33. b4 a5
34. bxa5 Qa3 35. Qf6 Bb3+ 36. Kd3 Qxa5 37. Qe7+ Kb8 38. Ke4 Bc2+ 39. Kf3 Qxc3
40. Qd6+ Ka7 41. g5 Qc4 42. Qxe5 c5 43. Kg3 Qb4 44. Qa1+ Kb6 45. Bf5 Bb3 46. g6
Qc4 47. g7 Qd5 48. Kf4 Qc4+ 49. Kg5 Qd5 50. Kf4 Qc4+ 51. Kg3 Qd5 52. Qf6+ Kc7
53. Bh7 Qh1 1/2-1/2

[Event "Gibraltar Masters 2020"]
[Site "Caleta ENG"]
[Date "2020.01.26"]
[Round "6.78"]
[White "Enkhtuul, Altan-Ulzii"]
[Black "Ioannidis, Evgenios"]
[Result "0-1"]
[WhiteTitle "WGM"]
[BlackTitle "IM"]
[WhiteElo "2200"]
[BlackElo "2373"]
[WhiteFideId "4901444"]
[BlackFideId "4229274"]
[EventDate "2020.01.21"]

1. d4 g6 2. Nf3 Bg7 3. c3 d6 4. h3 Nd7 5. e4 e5 6. dxe5 dxe5 7. Bg5 Ngf6 8. Nbd2
O-O 9. Qc2 a5 10. O-O-O Qe7 11. g4 a4 12. Be2 Nc5 13. Rdg1 b6 14. h4 Ne6 15.
Nxe5 Nxg5 16. Nxg6 fxg6 17. hxg5 Ne8 18. Bc4+ Be6 19. Qd3 Bxc4 20. Qxc4+ Rf7 21.
f4 Nd6 22. Qc6 Qe8 23. Qxe8+ Rxe8 24. e5 Nb7 25. Rf1 Nc5 26. Rh3 Ref8 27. Rhf3
Rxf4 28. Rxf4 Rxf4 29. Rxf4 Nd3+ 30. Kc2 Nxf4 31. Nf3 Kf7 32. Kd2 Ke6 33. Ke3
Bxe5 34. Ke4 Bd6 35. Nd4+ Kd7 36. b3 axb3 37. axb3 Nh3 38. Nf3 Be7 39. Kd5 c6+
40. Ke5 Nxg5 41. Nd4 Nf7+ 42. Ke4 Bf6 43. Ne2 Ng5+ 44. Kf4 Ne6+ 45. Ke3 Kd6 46.
b4 Kd5 47. Kd3 b5 0-1